Natación utilitaria: sistema de natación utilitaria, peligros y accidentes de la natación, salvamentos de náufragos, la respiración artifiacial
Na minha lista:
| Autor principal: | |
|---|---|
| Formato: | Livro |
| Idioma: | espanhol |
| Publicado em: |
Barcelona
Sintes
1959
|
| Assuntos: | |
| Tags: |
Adicionar Tag
Sem tags, seja o primeiro a adicionar uma tag!
|
MARC
| LEADER | 00000nam a2200000 a 4500 | ||
|---|---|---|---|
| 001 | UCZ0235 | ||
| 003 | CL-VaPUC | ||
| 008 | 950724e19590000SP |||||||||||||||||spa|d | ||
| 082 | 0 | 4 | |a 797.21 |b ROS |2 21 |
| 100 | 0 | |a Rossi, Felipe |e author |9 342927 | |
| 245 | 1 | 0 | |a Natación utilitaria: sistema de natación utilitaria, peligros y accidentes de la natación, salvamentos de náufragos, la respiración artifiacial |
| 300 | |a 128 p | ||
| 942 | |c BK | ||
| 945 | |d 19950724 00:00:00 |a lriquelm | ||
| 260 | |a Barcelona |b Sintes |c 1959 | ||
| 650 | 7 | |a DEPORTES ACUATICOS |2 CL-VaPUC |9 262007 | |
| 650 | 0 | |a Natación |9 307454 | |
| 650 | 7 | |a SALVAMENTO |2 CL-VaPUC |9 342858 | |
| 650 | 7 | |a SISTEMAS DE REANIMACION |2 CL-VaPUC |9 342928 | |
| 583 | |a last modification |c 19950724 00:00:00 |k Rodrigo Vera | ||
| 999 | |c 237196 |d 237194 | ||
| 952 | |0 0 |1 0 |4 0 |6 797_210000000000000_ROS_1959 |7 0 |8 P |9 246035 |a BIBEDU |b BIBEDU |c BIBEDU_PB |d 2019-11-18 |i 1541447 |o 797.21 ROS 1959 |p 1541447 |r 2024-01-25 |w 2019-11-18 |y BK |k EDU | ||